000 00805nam a2200181 a 4500
999 _c5826
_d5826
020 _a9788189557744
050 0 0 _aLB1027
_b.5
100 1 _aRajan, M. K. S
245 1 0 _aCounselling and guidance in schools
_cRajan, M. K. S
260 _aNew Delhi:
_bArisePublishers & Distributors
_c2007
300 _a271 pages ;
_c23 cm
440 0 _aResource materials for teachers
505 _a1. Study of behaviour counselees 1 2. Resources of the school community 80 3. Evaluation of the curriculum 97 4. Study of the individual counselling 142 5. Caring for youth's special needs 180 6. The collection of data for counselling 221 7. Proving for individual differences 244
650 0 _aEducational counseling.
700 1 _aClark, Pam.
700 1 _aChisholm, Meryl.
942 _cBK